000 00957nam a22002057a 4500
005 20260130123121.0
010 _aHIN-131009
020 _a9789355438263
_c199.00
035 _aHN-103355
037 _bDBAD
082 _a181.499
_b1
100 _aप्रणय
_987069
245 _aस्वामी विवेकानन्द/
_cप्रणय ; मदन सोनी द्वारा अनुवादित
_bनेतृत्व और सफलता के लिए अध्यात्म
250 _aप्रथम
260 _aभोपाल
_bमंजुल पब्लिशिंग हाउस
_c2024
270 _aउषा प्रीत काम्प्लेक्स, 42 मालवीय नगर
_bभोपाल
_e462003
300 _a140 पृ.
_c20 सेमी (अजिल्द)
700 _987066
_aमदन सोनी
942 _2ddc
_cHN
_e2024
_h181.499
_mप्रणय
999 _c214652
_d214652